01370cam a2200313 i 450000100090000000300040000900500170001300800410003001000170007102000420008803500130013004000280014304200080017105000250017908200160020410000390022024501380025926400840039730000230048133600260050433700280053033800270055850400410058550501900062665000190081665000460083565000290088177601460091020549280OSt20260318143617.0180620s2018 ilu b 000 0 eng  a 2018028336 a9780830846498qhardcover : alk. paper a20549280 aDLCbengcDLCerdadDLC apcc00aBV5091.C7bH479 201800a248.3/42231 aHeuertz, Phileena,d1973-eauthor.10aMindful silence :bthe heart of Christian contemplation /cPhileena Heuertz ; foreword by Richard Rohr ; afterword by Kirsten Powers. 1aDowners Grove, Illinois :bIVP Books, an imprint of InterVarsity Press,c[2018] a188 pages ;c22 cm atextbtxt2rdacontent aunmediatedbn2rdamedia avolumebnc2rdacarrier aIncludes bibliographical references.0 aSleepwalking -- Withdrawing to engage -- Finding liberation by discernment -- Discovering darkness is light -- Exploring a deep well -- Dying for life -- Unknowing to know -- Waking up. 0aContemplation. 0aSilencexReligious aspectsxChristianity. 0aMindfulness (Psychology)08iOnline version:aHeuertz, Phileena, 1973- author.tMindful silencedDowners Grove : InterVarsity Press, 2018z9780830872237w(DLC) 2018034259